000 01827nam a22001457a 4500
999 _c522845
_d522845
008 230607b ||||| |||| 00| 0 eng d
100 _aTodd, Petra E. and Wolpin, Kenneth I.
_941451
245 _aThe best of both worlds: Combining randomized controlled trials with structural modeling
260 _aJournal of Economic Literature
300 _a61(1), Mar, 2023: p.41-85
520 _aThere is a long-standing debate about the extent to which economic theory should inform econometric modeling and estimation. This debate is particularly evident in the program/policy evaluation literature, where reduced-form (experimental or quasi-experimental) and structural modeling approaches are often viewed as rival methodologies. Reduced-form proponents criticize the assumptions invoked in structural applications. Structural modeling advocates point to the limitations of reduced-form approaches in not being able to inform about program impacts prior to implementation or about the costs and benefits of program designs that deviate from the one that was implemented. In this paper, we argue that there is a new emerging view of a natural synergy between these two approaches, that they can be melded to exploit the advantages and ameliorate the disadvantages of each. We provide examples of how data from randomized controlled trials (RCTs), the exemplar of reduced form practitioners, can be used to enhance the credibility of structural estimation. We also illustrate how the structural approach complements experimental analyses by enabling evaluation of counterfactual policies/programs. Lastly, we survey many recent studies that combine these methodologies in various ways across different subfields within economics.- Reproduced
773 _aJournal of Economic Literature
906 _aECONOMICS
942 _cAR